| 000 | 00754nam a2200241 a 4500 | ||
|---|---|---|---|
| 001 | 70177 | ||
| 003 | BD-RjUL | ||
| 005 | 20211209081954.0 | ||
| 008 | 170416s1933 nyu 001 0 eng | ||
| 035 | _a(BD-RjUL)70390 | ||
| 040 |
_aDLC _cGAT _dBD-RjUL _beng |
||
| 041 | _aeng | ||
| 082 |
_223 _a523.4 _bBRP 1933 |
||
| 100 | 1 |
_aBrown, Ernest W. _q(Ernest William), _d1866-1938. _9207831 |
|
| 245 | 0 | 0 |
_aPlanetary theory / _cErnest W. Brown and Clarence A. Shook. |
| 260 |
_aCambridge [Eng.] : _bUniversity Press, _c1933. |
||
| 300 |
_axi, 302 p. : _bill. ; _c22 cm. |
||
| 500 | _aIncludes index | ||
| 650 | 0 |
_aPlanets. _9156541 |
|
| 700 | 1 |
_aShook, Clarence A. _q(Clarence Albert), _d1895- _ejoint author. _9207832 |
|
| 942 |
_2ddc _cBK |
||
| 999 |
_c70177 _d70177 |
||